Ensayo de filosofía pedagógica
Guardat en:
| Autor principal: | |
|---|---|
| Format: | Llibre |
| Idioma: | espanyol |
| Publicat: |
Madrid
Pax
1952
|
| Edició: | 4a. ed |
| Col·lecció: | Biblioteca de filosofía y pedagogía
|
| Matèries: | |
| Etiquetes: |
Afegir etiqueta
Sense etiquetes, Sigues el primer a etiquetar aquest registre!
|
MARC
| LEADER | 00000nam a2200000 a 4500 | ||
|---|---|---|---|
| 001 | UCY8168 | ||
| 003 | CL-VaPUC | ||
| 008 | 950623e19520000SP |||||||||||||||||spa|d | ||
| 082 | 0 | 4 | |a 370.1 |b DEH |2 21 |
| 100 | |a De Hovre, Francisco |e author |9 354768 | ||
| 245 | 1 | 0 | |a Ensayo de filosofía pedagógica |
| 250 | |a 4a. ed | ||
| 300 | |a 391 p | ||
| 942 | |c BK | ||
| 945 | |d 19950623 00:00:00 |a lriquelm | ||
| 260 | |a Madrid |b Pax |c 1952 | ||
| 650 | 0 | |a Filosofía de la educación |9 258384 | |
| 650 | 0 | |a Filosofía del espíritu |9 320175 | |
| 650 | 0 | |a Sociología de la educación |9 260380 | |
| 650 | 0 | |a Socialismo |9 255260 | |
| 650 | 0 | |a Sistemas educacionales |9 324695 | |
| 650 | 7 | |a NACIONALISMO |2 CL-VaPUC |9 339370 | |
| 650 | 7 | |a NACIONALISMO CULTURAL |2 CL-VaPUC |9 319129 | |
| 651 | 0 | |a Alemania |9 255688 | |
| 583 | |a last modification |c 19950623 00:00:00 |k Rodrigo Vera | ||
| 490 | 0 | |a Biblioteca de filosofía y pedagogía | |
| 999 | |c 235446 |d 235444 | ||
| 952 | |0 0 |1 0 |4 0 |6 370_100000000000000_DEH_1952 |7 0 |8 P |9 242873 |a BIBEDU |b BIBEDU |c BIBEDU_PB |d 2019-11-18 |i 1518682 |o 370.1 DEH 1952 |p 1518682 |r 2024-01-25 |w 2019-11-18 |y BK |k EDU | ||
| 952 | |0 0 |1 0 |4 0 |6 370_100000000000000_DEH_1952 |7 0 |8 P |9 242874 |a BIBEDU |b BIBEDU |c BIBEDU_PB |d 2019-11-18 |i 1518674 |o 370.1 DEH 1952 |p 1518674 |r 2024-01-25 |w 2019-11-18 |y BK |k EDU | ||